000 00563cam a22002053a 4500
001 36867
003 PGUSA
005 20140828083815.0
008 110727s2011||||xxu|||||s|||||000 | eng d
040 _aPGUSA
_beng
042 _adc
100 1 _aClifton, Mark,
_d1906-1963
245 1 0 _aProgress Report
_h[electronic resource] /
_cMark Clifton
260 _bProject Gutenberg,
_c2011
506 _aPublic domain in the USA.
516 _aElectronic text
830 0 _aProject Gutenberg
_v36867
856 4 0 _uhttp://www.gutenberg.org/ebooks/36867
942 _cEB
999 _c266122
_d266122